Marcel Mauss : el hecho social como totalidad /

Guardat en:
Dades bibliogràfiques
Autor principal: Karsenti, Bruno (autor)
Format: Llibre
Idioma:espanyol
Publicat: Buenos Aires, Argentina : Antropofagia, 2009, c2008
Col·lecció:(Sociedades Contemporáneas)
Matèries:
Etiquetes: Afegir etiqueta
Sense etiquetes, Sigues el primer a etiquetar aquest registre!

MARC

LEADER 00000nam^a2200000^a^4500
001 000553744
005 20250521000000.0
009 20260526152607.102
020 |a 978-987-1238-52-1 
037 |a Acervo ITESO - Biblioteca 
041 |a ESP 
082 |a 300. 1  |b KAR 
100 |a Karsenti, Bruno  |e (autor) 
245 1 0 |a Marcel Mauss :  |b el hecho social como totalidad /  |c B. Karsenti ; pról. de Ariel Wilkis ; tr. por Antonia García Castro. 
264 4 |a Buenos Aires, Argentina :  |b Antropofagia,  |c 2009, c2008 
300 |a 117 p. 
336 |a texto  |b txt  |2 rdacontenido 
337 |a sin mediación  |b n  |2 rdamedio 
338 |a volumen  |b nc  |2 rdasoporte 
440 1 |a (Sociedades Contemporáneas) 
500 |a Traducción de: Marcel Mauss. Le fait social total 
521 |a Peticiones 2023 
649 |a XX 
650 |a Sociólogos Franceses 
650 |a Interacción Social 
650 |a Orden Social 
650 |a Sociología -  |x Teoría 
650 |a Mauss, Marcel -  |x Tema Principal 
910 |a Fondo General 
920 |a Impresos - Libros 
930 |a Colección General 
905 |a 101 
901 |a 0500385100  |b IT1  |c ACC  |i C181795  |u 20250521 
902 |a https://opac.biblio.iteso.mx/vufind/Record/000553744